00509nam a2200169Ia 4500100001700000650001200017942000700029366000700036654001300043245004800056260002400104082001500128300000800143546001200151999001700163952015900180 aRuskin Bond  aFiciton cBK f20 avagrants aRoom on the roof and vagrants in the valley bPenquin booksc1993 a808.83/RUS a223 aENGLISH c20061d20061 001040708CRCaCRCEb1234d2023-03-17eAne Books Indiag180.00i220 dt 17/10/2008l1o808.83/RUS p19047r2023-06-14s2023-06-12v225.00w0000-00-00yBK